Poznačenie zvlastných momentov do Životopisu St. Zvdka patriacých

Súbor biografických údajov

Bibliographic Details
Main Author: Závodník, Štefan, 1813-1885 (Author)
Format: Manuscript Book
Language:Slovak
PhysicalDescription:8 nečíslovaných strán rukopis, voľné listy 17 cm
Published: [Pružina] [1876?]
Subjects:

MARC

LEADER 00000ntmaa2200000 a 4500
001 vtls012065583
003 SK-MaSNL
005 20260301180417.0
008 251021s1876 xo || 000 0dslo
035 |a urn:nbn:sk:snk-tm00g3ms 
035 |a urn:nbn:sk:snk-tm3n4ei 
035 |a 53946047-0154-493A-9162-9396C0511A54 
040 |a SNKLA  |b slo  |c SNKLA  |e AACR2 
041 0 |a slo 
044 |a xo  |c SK 
072 7 |a 929  |x Biografie  |2 konspekt 
080 |a 025.171  |2 2011 
080 |a 82-94  |2 2011 
100 1 |a Závodník, Štefan,  |d 1813-1885  |4 aut  |9 37657 
245 1 0 |a Poznačenie zvlastných momentov do Životopisu St. Zvdka patriacých  |c [Štefan Závodník] 
246 3 3 |a Poznačenie zvlastných momentov do Životopisu Stefana Závodníka patriacých 
260 |a [Pružina]  |c [1876?] 
300 |a 8 nečíslovaných strán  |b rukopis, voľné listy  |c 17 cm 
500 |a Autor podľa rôznych prác pod signatúrou M 116 
520 2 |a Súbor biografických údajov 
555 0 |a Inventár rukopisov Literárneho archívu Matice slovenskej VI. Archív Slovenského národného múzea. Fondy M 51 - 120. Martin : Matica slovenská 1977 
561 |a Okrúhla pečiatka: Archiv Slovenského národného muzea v Turč. Sv. Martine 
561 |a Okrúhla pečiatka: Matica slovenská Martin Archív literatúry a umenia 
650 0 7 |a biografia  |2 SNKPH  |9 71085 
655 7 |a rukopisy  |2 SNKPH  |9 70548 
655 7 |a biografické údaje  |2 SNKPH  |9 289197 
852 |a Slovenská národná knižnica  |b Literárny archív 
958 |a MOF 
958 |a LAVD 
999 |c 846101  |d 848031 
952 |a SNKLA  |b SNKLA  |c SNKLA_DEP  |y NEVYP  |7 0  |p 17A1312325  |o snkM 116 F 11  |0 0  |1 0  |4 0  |d 2021-08-16  |f 1  |l 0  |r 2026-02-24 04:26:27  |w 2026-02-24